|
|
|
|
| LEADER |
01045nam a2200301 a 4500 |
| 001 |
c000008092 |
| 003 |
CARM |
| 005 |
20010823140256.0 |
| 008 |
750701s1976 paua 001 0 eng |
| 010 |
|
|
|a 75021273 //r90
|
| 019 |
1 |
|
|a 233910
|5 LACONCORD2021
|
| 020 |
|
|
|a 0397503466
|
| 035 |
|
|
|a (OCoLC)1530717
|5 LACONCORD2021
|
| 040 |
|
|
|a LC
|b eng
|c LC
|d ABN-SNR
|
| 050 |
0 |
0 |
|a RB37
|b .S64
|
| 060 |
|
0 |
|a QY4 S622h
|
| 082 |
0 |
0 |
|a 616.07/5
|
| 100 |
1 |
|
|a Sisson, Joseph A.,
|d 1930-
|
| 245 |
1 |
0 |
|a Handbook of clinical pathology /
|c Joseph A. Sisson.
|
| 260 |
|
|
|a Philadelphia :
|b Lippincott,
|c c1976.
|
| 300 |
|
|
|a x, 524 p. :
|b ill. ;
|c 20 cm.
|
| 500 |
|
|
|a Includes index.
|
| 650 |
|
0 |
|a Diagnosis, Laboratory.
|
| 650 |
|
0 |
|a Function tests (Medicine)
|
| 650 |
|
0 |
|a Diagnosis, Laboratory
|v Handbooks, manuals, etc.
|
| 852 |
8 |
|
|b CARM
|h A2:AG01C0
|i B04461
|p 0200833
|f BK
|
| 999 |
f |
f |
|i d656cb94-c9ab-5f7b-9b00-af8021927bea
|s 87099256-fc5e-51eb-ba1d-568b7bd6fd41
|
| 952 |
f |
f |
|p Can circulate
|a CAVAL
|b CAVAL
|c CAVAL
|d CARM 1 Store
|e B04461
|f A2:AG01C0
|h Other scheme
|i book
|m 0200833
|